| 000 | nam a22 7a 4500 | ||
|---|---|---|---|
| 999 |
_c127222 _d127222 |
||
| 008 | 171110b xxu||||| |||| 00| 0 eng d | ||
| 050 | _aKF4783.A97 1990 | ||
| 245 |
_aArticles of faith, aricles of peace _bThe religious liberty clauses and the American public philosophy _cEdited by James Davison Hunter |
||
| 260 |
_aWashington D.C. _bThe Brookings Institution _c1990 |
||
| 300 |
_avii, 168p. ; _c23cm. |
||
| 650 |
_aFreedom of religion _xUnited States _937522 |
||
| 650 |
_aChurch and state _xUnited States _937523 |
||
| 650 |
_aReligious tolerance _xUnited States _937524 |
||
| 700 |
_aHunter, James Davison _eed. _937525 |
||
| 700 |
_aGuinness, Os _eed. _937526 |
||
| 942 |
_2lcc _cMONOGRAPH |
||